Регионална библиотека "Любен Каравелов" - Русе

Pensees de Pascal (Запис номер 344747)

MARC детайли
000 -Лидер
Контролно поле с фиксирана дължина 01130nam a2200301 c 4500
003 - Код на организацията, давaща контролен номер
Контролно поле BLK
005 - Дата и час на последна редакция
Контролно поле 20210107040714.0
008 - Елементи от данни с фиксирана дължина
fixed length control field 180911b bul|||||r ||||||| ||bul||
010 ## - Наследен системен номер
LC control number 004413
040 ## - Източник на каталожния запис
Идентификатор на билиотеката - собственик на записа BLK
041 ## - Код за език
Код за езика на текст/звукозапис или на отделно заглавие Френски
Код за езика КДБФ Български
080 ## - УДК
УДК - код + определител 101(091)
100 1# - Редна дума - Автор
Автор PASCAL, Bles
Авторска отговорност първи автор
R(LIN) 399695
245 00 - Сведения за заглавието
Заглавие Pensees de Pascal
246 ## - Различни форми на заглавието
Паралелно заглавие Le texte du manuscrit autographe
260 ## - Област на издателските данни
Място на издаване, разпространение и проч. Paris
Име на издателя, разпространителя и проч. Edit. Eugene Fasquelle
Година на издаване s.a
Печатница Impr. Emile Colin et C-ie
300 ## - Физическа характеристика
Страници 613 с
Размери/Мащаб 18 см
380 ## - Жанр
Жанр Философия
490 ## - СЕРИИ (Колекции)
Име на серия Bibl.-Charpentier
490 ## - СЕРИИ (Колекции)
Име на серия Частна колекция - Академик Михаил Арнаудов
Бележки за серията Дарение - Основен фонд
500 ## - Общи забележки
Забележка Михаил Арнаудов: негови-книга, негови-лист. - Михаил Арнаудов: подпис. - Подчертавания в текста и коментари по полетата ; Отбелязва място в книгата : с. 136, 188.
655 ## - Ключова дума – жанр/разновидност
Данни за жанр/разновидност или ключова дума за фокус философия
700 1# - Други автори (авторска отговорност)
Лично име Pascal. Ред. Charles Louandre
9 (RLIN) 399696
852 ## - Местоположение
Форматна сигнатура МА 3332
999 ## - СИСТЕМНИ КОНТРОЛНИ НОМЕРА
Koha biblionumber 344747
Koha biblioitemnumber 344747
942 ## - АРТИКУЛИ
Вид на библиотечния материал Книги
Скрит в OPAC Не
Периодичен библиозапис Да
944 ## - СЪЗДАВАНЕ И РЕДАКЦИЯ на ЗАПИСА
Създаване/Редакция Създаване
Дата на регистрацията/редакция 1994
999 ## - СИСТЕМНИ КОНТРОЛНИ НОМЕРА
Koha biblioitemnumber 344747
Наличности
Код за отписване Код за изгубен артикул Източник на класификационната схема Код за повреда Коз за рестрикции Код за отдаване Артикулен № Име на библиотеката - собственик Име на библиотеката, в която се намира в момента Статус (Текущо местоположение) Местоположение - отдел Цена в лева Номерация (Хронология) Инвентарен номер Систематично азбучна сигнатура Баркод Номер на екземпляра Цена в евро Служебен тип на артикула
  Не е изгубен Universal Decimal Classification Не е повреден без рестрикции Специални фондове ( старопечатни, редки и ценни, фонд М. Арнаудов) 745214 Регионална библиотека "Любен Каравелов" Русе Регионална библиотека "Любен Каравелов" Русе Фонд "Михаил Арнаудов" Фонд "Михаил Арнаудов" 100.00   589022 МА 3332 120000589022 1 51.13 Книги
Vip Innovations Ltd, Rousse, Bulgaria 2025